La muralla de Ávila : (Record no. 178802)
[ view plain ]
| 000 -LEADER | |
|---|---|
| campo de control de longitud fija | 01257nam a2200301 i 4500 |
| 001 - NÚMERO DE CONTROL | |
| campo de control | 178802 |
| 003 - IDENTIFICADOR DE NÚMERO DE CONTROL | |
| campo de control | ES-MaACL |
| 005 - FECHA Y HORA DE LA ÚLTIMA TRANSACCIÓN | |
| campo de control | 20240129115653.0 |
| 008 - DATOS DE LONGITUD FIJA--INFORMACIÓN GENERAL | |
| campo de control de longitud fija | 110704s2006 sp afo |||| |dspa d |
| 020 ## - NÚMERO INTERNACIONAL ESTÁNDAR DEL LIBRO | |
| Número Internacional Estándar del Libro | 84-609-8032-4 |
| 080 ## - NÚMERO DE LA CLASIFICACIÓN DECIMAL UNIVERSAL | |
| Número de la Clasificación Decimal Universal | 77 Sanchidrián Gallego, Jesús María José |
| 080 ## - NÚMERO DE LA CLASIFICACIÓN DECIMAL UNIVERSAL | |
| Número de la Clasificación Decimal Universal | 39(460.189 A.)(0:77) |
| 100 1# - ENTRADA PRINCIPAL--NOMBRE DE PERSONA | |
| Nombre de persona | Sanchidrián Gallego, Jesús María José. |
| 9 (RLIN) | 103003 |
| 245 13 - MENCIÓN DEL TÍTULO | |
| Título | La muralla de Ávila : |
| Resto del título | telón de fondo : fotografías / |
| Mención de responsabilidad, etc. | Jesús Mª J. Sanchidrián Gallego. |
| 250 ## - MENCION DE EDICION | |
| Mención de edición | 1ª ed. |
| 260 ## - PUBLICACIÓN, DISTRIBUCIÓN, ETC. | |
| Lugar de publicación, distribución, etc. | Ávila : |
| Nombre del editor, distribuidor, etc. | Piedra Caballera : |
| -- | Ayuntamiento de Ávila, |
| Fecha de publicación, distribución, etc. | 2006. |
| 490 1# - MENCIÓN DE SERIE | |
| Mención de serie | Estampas de la tierra de Ávila ; |
| Designación de volumen o secuencia | 2 |
| 500 ## - NOTA GENERAL | |
| Nota general | Índice de fotografías. |
| 600 17 - PUNTO DE ACCESO ADICIONAL DE MATERIA--NOMBRE DE PERSONA | |
| Nombre de persona | Sanchidrián Gallego, Jesús María José. |
| 9 (RLIN) | 103003 |
| 650 #4 - PUNTO DE ACCESO ADICIONAL DE MATERIA--TÉRMINO DE MATERIA | |
| Término de materia o nombre geográfico como elemento de entrada | Murallas- |
| Subdivisión geográfica | Ávila- |
| Subdivisión de forma | Obras ilustradas. |
| 9 (RLIN) | 147297 |
| 651 #4 - PUNTO DE ACCESO ADICIONAL DE MATERIA--NOMBRE GEOGRÁFICO | |
| Nombre geográfico | Ávila- |
| Subdivisión general | Usos y costumbres. |
| 9 (RLIN) | 174074 |
| 710 1# - ENTRADA AGREGADA--NOMBRE DE ENTIDAD CORPORATIVA | |
| Nombre de entidad corporativa o nombre de jurisdicción como elemento de entrada | Ávila. |
| Unidad subordinada | Ayuntamiento. |
| 9 (RLIN) | 145726 |
| 830 1# - PUNTO DE ACCESO ADICIONAL DE SERIE-TÍTULO UNIFORME | |
| Título uniforme | Estampas de la tierra de Ávila ; |
| Designación de volumen o secuencia | 2 |
| 9 (RLIN) | 191035 |
| 852 4# - LOCALIZACIÓN | |
| Ubicación | ES-MaACL |
| Número de control de estantería | A-11304 |
| itemnumber | 185663 |
| Sublocalización o colección | R.145559 |
| Ubicación en estantería | Depósito 1 |
| Signatura antigua | Olim: N-4308 |
| Encuadernación | Donación: Jesús María J. Sachidrián Gallego |
| 903 ## - NOMBRE PERSONAL DE DONANTE | |
| 9 | 103003 |
| a | Sanchidrián Gallego, Jesús María José |
| e | Donante |
| 942 ## - ELEMENTOS DE ENTRADA SECUNDARIOS (KOHA) | |
| Fuente del sistema de clasificación o colocación | Clasificación decimal universal |
| Tipo de ítem Koha | Libro impreso |
| Estatus retirado | Estado de pérdida | Fuente del sistema de clasificación o colocación | Estado de daño | No para préstamo | Biblioteca de origen | Biblioteca actual | Ubicación en estantería | Fecha de adquisición | Fuente de adquisición | Total de préstamos | Signatura topográfica completa | Código de barras | Visto por última vez | Precio de reemplazo | Tipo de ítem Koha |
|---|---|---|---|---|---|---|---|---|---|---|---|---|---|---|---|
| Clasificación decimal universal | Biblioteca del Ateneo de Madrid | Biblioteca del Ateneo de Madrid | Depósito 1 | 04/07/2011 | Donación | A-11304 | 1187818 | 23/02/2023 | 23/02/2023 | Libro impreso |
